Score 0/20 Timer 02:00
1 Play Today
Title Name % Correct
___ Ventura: Pet DetectiveAce
98.4%
___ GumpForrest
96.9%
___ BalboaRocky
93.1%
___ HolmesSherlock
92.7%
'___' DundeeCrocodile
90.5%
___ GilmoreHappy
89.9%
___ Cassidy and the Sundance KidButch
89.5%
___ Snicket's A Series of Unfortunate EventsLemony
80.6%
___ AdamsPatch
76.2%
___ DynamiteNapoleon
74.5%
Title Name % Correct
The ___ TenenbaumsRoyal
70.1%
The Legend of ___ VanceBagger
67.4%
You Don't Mess with the ___Zohan
64.5%
___ CogburnRooster
51.1%
The Outlaw ___ WalesJosey
51%
The Man Who Shot ___ ValanceLiberty
50.3%
National ___Velvet
44.3%
___ BrownFoxy/Jackie
41.8%
The Adventures of ___ Banzai Across the 8th DimensionBuckaroo
20.8%
___ JonesOsmosis
16.7%

Today's Daily Dose

Remove Ads.
Support Sporcle.
Get the best of Sporcle when you Go Orange. This ad-free experience offers more features, more stats, and more fun while also helping to support Sporcle. Thank you for becoming a member.

You're not logged in!

Compare scores with friends on all Sporcle quizzes.
OR
Log In

Show Comments

Extras

Top Quizzes Today


Score Distribution

Your Account Isn't Verified!

In order to create a playlist on Sporcle, you need to verify the email address you used during registration. Go to your Sporcle Settings to finish the process.

Report this User

Report this user for behavior that violates our Community Guidelines.

Details: